เปลี่ยนเป็นภาษาไทย

Change to English
 แสดงรายละเอียดบรรณานุกรม
  กลับหน้าหลัก

Brief Record : Get Marc (ISO 2709) : E-mail record : QR code < ปิดหน้าต่าง
mysqli: Table './ulib62015/stat_globaluid' is marked as crashed and should be repaired
select id from stat_globaluid where statuid='20260517083406_3361' 
mysqli: Table './ulib62015/stat_globaluid' is marked as crashed and should be repaired
DELETE FROM stat_globaluid
			WHERE id NOT IN (
			  SELECT id
			  FROM (
				SELECT id
				FROM stat_globaluid
				ORDER BY id DESC
				LIMIT 100
			  ) foo
			); 
mysqli: Table './ulib62015/stat_globaluid' is marked as crashed and should be repaired
insert into stat_globaluid set
		statuid='20260517083406_3361',
		dt='1778981646',
		phpself='/ULIB62015/dublinfull.php',
		agent='Mozilla/5.0 AppleWebKit/537.36 (KHTML, like Gecko; compatible; ClaudeBot/1.0; +claudebot@anthropic.com)',
		yea='2026',
		mon='5',
		dat='17',
		ip='216.73.216.45'
		
		
mysqli: Table './ulib62015/stathist_viewbib_bib_type' is marked as crashed and should be repaired
insert into stathist_viewbib_bib_type set 
		dat='17' ,
		 mon='05' ,
		  yea='2026' ,
			 statuid='20260517083406_3361' ,
			 head='13399122373' ,
			 foot='marc' ,
			 dt='1778981646' 
		
LEADER : 00000nam 2200000uu 4500
001    13399122373
003     ULIB
008    190904s2561||||th 000 0 tha d
020    ^a9789746258289
060 04 ^aQV766^bพ654ส 2561
245 10 ^aสมุนไพรในป่าครอบครัวสกลนคร /^cพิเชษฐ เวชวิฐาน, บรรณาธิการ ;^cมหาวิทยาลัยเทคโนโลยีมงคลอีสาน
260    ^aสกลนคร:^bสาขาการแพทย์แผนไทย คณะทรัพยากรธรรมชาติ มหาวิทยาลัยเทคโนโลยีมงคลอีสาน,^c2561
300    ^a184 หน้า :^bภาพประกอบ;^c26 ซม.
650  4 ^aสมุนไพร
700 0  ^aพิเชษฐ เวชวิฐาน,^eบรรณาธิการ
710 2  ^aมหาวิทยาลัยเทคโนโลยีมงคลอีสาน.^bคณะทรัพยากรธรรมชาติ.^bสาขาการแพทย์แผนไทย
945    ^p0^l0^i026642
945    ^p0^l0^i026643
945    ^p0^l0^i026644
945    ^p0^l0^i026645
945    ^p0^l0^i026646
945    ^p0^l0^i026647
945    ^p0^l0^i026648
945    ^p0^l0^i026649
945    ^p0^l0^i026650
945    ^p0^l0^i026651
945    ^p0^l0^i026652
945    ^p0^l0^i026653
999    ^a57066
รายการนี้ยังไม่มีแท็ก
คุณยังไม่ได้ล็อกอิน คุณสามารถมีกิจกรรมร่วมกับเว็บไซต์ได้ แต่ต้องล็อกอินก่อน ::
  ล็อกอิน
  One Stop Service : ศูนย์ให้บริการแบบเบ็ดเสร็จ   จัดการหนังสือโปรด   แจ้งรายการบรรณานุกรมผิดพลาด
ลำดับที่ ประเภท เลขเรียก/บาร์โค้ด สถานที่ สถานะ
1. หนังสือ
หนังสือ
QV766 พ654ส 2561 ฉ.1 
  Barcode: 026642
หนังสือทั่วไป บนชั้น
  ขอยืม
Note:บริจาค งบประมาณ 2562
2. หนังสือ
หนังสือ
QV766 พ654ส 2561 ฉ.10 
  Barcode: 026651
หนังสือทั่วไป บนชั้น
  ขอยืม
Note:บริจาค งบประมาณ 2562
3. หนังสือ
หนังสือ
QV766 พ654ส 2561 ฉ.11 
  Barcode: 026652
หนังสือทั่วไป บนชั้น
  ขอยืม
Note:บริจาค งบประมาณ 2562
4. หนังสือ
หนังสือ
QV766 พ654ส 2561 ฉ.12 
  Barcode: 026653
หนังสือทั่วไป บนชั้น
  ขอยืม
Note:บริจาค งบประมาณ 2562
5. หนังสือ
หนังสือ
QV766 พ654ส 2561 ฉ.2 
  Barcode: 026643
หนังสือทั่วไป บนชั้น
  ขอยืม
Note:บริจาค งบประมาณ 2562
6. หนังสือ
หนังสือ
QV766 พ654ส 2561 ฉ.3 
  Barcode: 026644
หนังสือทั่วไป บนชั้น
  ขอยืม
Note:บริจาค งบประมาณ 2562
7. หนังสือ
หนังสือ
QV766 พ654ส 2561 ฉ.4 
  Barcode: 026645
หนังสือทั่วไป บนชั้น
  ขอยืม
Note:บริจาค งบประมาณ 2562
8. หนังสือ
หนังสือ
QV766 พ654ส 2561 ฉ.5 
  Barcode: 026646
หนังสือทั่วไป บนชั้น
  ขอยืม
Note:บริจาค งบประมาณ 2562
9. หนังสือ
หนังสือ
QV766 พ654ส 2561 ฉ.6 
  Barcode: 026647
หนังสือทั่วไป บนชั้น
  ขอยืม
Note:บริจาค งบประมาณ 2562
10. หนังสือ
หนังสือ
QV766 พ654ส 2561 ฉ.7 
  Barcode: 026648
หนังสือทั่วไป บนชั้น
  ขอยืม
Note:บริจาค งบประมาณ 2562
11. หนังสือ
หนังสือ
QV766 พ654ส 2561 ฉ.8 
  Barcode: 026649
หนังสือทั่วไป บนชั้น
  ขอยืม
Note:บริจาค งบประมาณ 2562
12. หนังสือ
หนังสือ
QV766 พ654ส 2561 ฉ.9 
  Barcode: 026650
หนังสือทั่วไป บนชั้น
  ขอยืม
Note:บริจาค งบประมาณ 2562

รายการใกล้เคียง
    หัวเรื่อง [สมุนไพร]

BibComment


ยังไม่เคยถูกคอมเมนท์

คอมเมนท์ทรัพยากรรายการนี้
  คอมเมนท์: สมุนไพรในป่าครอบ..
Bib 13399122373

 
 
 

 Union Library Management : ULibM
Copyright 2026. All Rights Reserved.